000 00760nam a22002055i 4500
001 155104
003 ES-MaACL
005 20230906205949.0
008 040720s1879 gw |||| | eng d
040 _aCAM
_bspa
_cCAM
100 1 _aHardy, Thomas.
_961838
245 1 4 _aThe return of the native /
_cby Thomas Hardy.
260 _aLeipzig :
_bBernhard Tauchnitz,
_c1879 (
_fPrinting Office of the Publisher)
300 _a2 v. (320; 311, 15 p.) ;
_c17 cm.
490 1 _aCollection of british authors ;
_v1796; 1797
597 _aLas 15 p. son de publicidad editorial.
830 0 _aCollection of british authors ;
_v1796; 1797
_9180703
852 _aES-MaACL
_jG-11608
_z-- Enc. hol. conservando la cub. original
_z-- 2 t. en 1 v.
999 _c155104
_d155104